000 00478nam a2200169 i 4500
001 88394
003 ES-MaACL
005 20230906175842.0
007 t|
008 050104s1972 sp ||||1| spa d
100 1 _aLaíz, J. L.
_969707
245 1 0 _aIntroducción al lenguaje matemático /
_cJ.L. Laíz.
260 _a[S.l. :
_bs.n.,
_c1972] (
_eLugo :
_fGráf. Bao)
300 _a160 p. ;
_c25 cm.
500 _aEjemplar multicopista.
852 _aES-MaACL
_jC-48909
_bR.84183
999 _c88394
_d88394